[Event "World Chess Olympiad 2018"]
[Site "Batumi"]
[Date "2018.09.24"]
[Round "1"]
[Board "2"]
[WhiteFideId "5300380"]
[White "El Jawich Amro"]
[BlackFideId "1007998"]
[Black "L'Ami Erwin"]
[Result "0-1"]
[LiveChessVersion "1.4.8"]
[BlackElo "2639"]
[WhiteElo "2276"]

1. e4 {[%clk 1:30:54]} e5 {[%clk 1:30:48]} 2. Nf3 {[%clk 1:31:16]} Nc6
{[%clk 1:31:12]} 3. d4 {[%clk 1:31:23]} exd4 {[%clk 1:31:15]} 4. c3
{[%clk 1:31:38]} dxc3 {[%clk 1:31:15]} 5. Bc4 {[%clk 1:31:40]} cxb2
{[%clk 1:31:21]} 6. Bxb2 {[%clk 1:31:59]} Bb4+ {[%clk 1:31:45]} 7. Nc3
{[%clk 1:31:36]} Nf6 {[%clk 1:31:09]} 8. O-O {[%clk 1:25:42]} Bxc3
{[%clk 1:27:45]} 9. Bxc3 {[%clk 1:26:01]} d6 {[%clk 1:28:10]} 10. Qb3
{[%clk 1:00:58]} O-O {[%clk 1:24:12]} 11. Rfe1 {[%clk 0:58:23]} Nd7
{[%clk 1:12:48]} 12. Qb2 {[%clk 0:51:48]} Nde5 {[%clk 1:11:29]} 13. Nxe5
{[%clk 0:50:53]} Nxe5 {[%clk 1:11:26]} 14. Bxe5 {[%clk 0:48:55]} dxe5
{[%clk 1:11:46]} 15. Qxe5 {[%clk 0:48:53]} c6 {[%clk 1:11:08]} 16. Rad1
{[%clk 0:37:50]} Qe8 {[%clk 1:10:22]} 17. Qc7 {[%clk 0:34:21]} b5
{[%clk 1:08:16]} 18. Bf1 {[%clk 0:23:13]} Be6 {[%clk 1:05:59]} 19. Rd6
{[%clk 0:17:12]} Bxa2 {[%clk 1:03:21]} 20. Rxc6 {[%clk 0:14:00]} Be6
{[%clk 0:56:19]} 21. Rc5 {[%clk 0:06:53]} b4 {[%clk 0:55:09]} 22. Qa5
{[%clk 0:03:56]} b3 {[%clk 0:53:37]} 23. f4 {[%clk 0:04:19]} Rb8 {[%clk 0:46:52]}
24. f5 {[%clk 0:01:24]} b2 {[%clk 0:46:02]} 25. Rb1 {[%clk 0:00:34]} Bxf5
{[%clk 0:44:32]} 26. exf5 {[%clk 0:00:33]} Qe4 {[%clk 0:44:18]} 27. Qe1
{[%clk 0:00:31]} Qxe1 {[%clk 0:44:21]} 0-1

[Event "World Chess Olympiad 2018"]
[Site "Batumi"]
[Date "2018.09.24"]
[Round "1"]
[Board "3"]
[WhiteFideId "1039784"]
[White "Van Foreest Jorden"]
[BlackFideId "5300150"]
[Black "Kassis Antoine"]
[Result "1-0"]
[LiveChessVersion "1.4.8"]
[BlackElo "2173"]
[WhiteElo "2624"]

1. e4 {[%clk 1:30:55]} c5 {[%clk 1:30:51]} 2. Nf3 {[%clk 1:31:15]} d6
{[%clk 1:30:54]} 3. Bb5+ {[%clk 1:31:34]} Nc6 {[%clk 1:30:54]} 4. O-O
{[%clk 1:31:44]} Bd7 {[%clk 1:29:55]} 5. Re1 {[%clk 1:31:21]} Nf6
{[%clk 1:30:14]} 6. c3 {[%clk 1:31:36]} a6 {[%clk 1:30:30]} 7. Bf1
{[%clk 1:31:37]} Bg4 {[%clk 1:30:38]} 8. d4 {[%clk 1:31:10]} Bxf3
{[%clk 1:23:57]} 9. gxf3 {[%clk 1:30:34]} e5 {[%clk 1:14:45]} 10. d5
{[%clk 1:23:23]} Ne7 {[%clk 1:08:40]} 11. f4 {[%clk 1:23:04]} Ng6
{[%clk 0:49:57]} 12. f5 {[%clk 1:23:19]} Ne7 {[%clk 0:50:20]} 13. f4
{[%clk 1:19:25]} Nd7 {[%clk 0:50:03]} 14. Nd2 {[%clk 1:17:23]} exf4
{[%clk 0:40:12]} 15. Nf3 {[%clk 1:03:40]} Ne5 {[%clk 0:33:08]} 16. Bxf4
{[%clk 1:02:59]} f6 {[%clk 0:30:24]} 17. b4 {[%clk 1:01:11]} Nxf3+
{[%clk 0:21:09]} 18. Qxf3 {[%clk 1:01:36]} cxb4 {[%clk 0:21:35]} 19. cxb4
{[%clk 1:01:51]} g6 {[%clk 0:15:34]} 20. Kh1 {[%clk 1:00:47]} Kf7
{[%clk 0:11:05]} 21. Bh3 {[%clk 1:00:41]} Bg7 {[%clk 0:07:39]} 22. fxg6+
{[%clk 1:00:10]} hxg6 {[%clk 0:07:20]} 23. Be6+ {[%clk 1:00:32]} Ke8
{[%clk 0:04:42]} 24. Qg3 {[%clk 1:00:56]} g5 {[%clk 0:04:48]} 25. Bxd6
{[%clk 1:01:11]} Nc8 {[%clk 0:05:04]} 26. Bc7 {[%clk 1:00:28]} Qe7
{[%clk 0:05:28]} 27. Rac1 {[%clk 1:00:47]} Qxb4 {[%clk 0:05:27]} 28. e5
{[%clk 0:59:42]} 1-0

[Event "World Chess Olympiad 2018"]
[Site "Batumi"]
[Date "2018.09.24"]
[Round "1"]
[Board "4"]
[WhiteFideId "5302803"]
[White "Al Kaoury Mahdi"]
[BlackFideId "1008013"]
[Black "Tiviakov Sergei"]
[Result "0-1"]
[LiveChessVersion "1.4.8"]
[BlackElo "2604"]
[WhiteElo "2106"]

1. e4 {[%clk 1:30:55]} c5 {[%clk 1:30:29]} 2. Nf3 {[%clk 1:31:10]} d6
{[%clk 1:30:49]} 3. d4 {[%clk 1:31:33]} cxd4 {[%clk 1:31:14]} 4. Nxd4
{[%clk 1:32:01]} Nf6 {[%clk 1:31:37]} 5. Nc3 {[%clk 1:32:27]} g6 {[%clk 1:31:58]}
6. Be3 {[%clk 1:32:49]} Bg7 {[%clk 1:32:21]} 7. Be2 {[%clk 1:32:43]} Nc6
{[%clk 1:32:41]} 8. O-O {[%clk 1:32:29]} O-O {[%clk 1:33:03]} 9. f4
{[%clk 1:30:28]} Qb6 {[%clk 1:29:43]} 10. Qd2 {[%clk 1:14:40]} Nxe4
{[%clk 1:26:18]} 11. Nxc6 {[%clk 1:12:37]} Qxc6 {[%clk 1:26:27]} 12. Nxe4
{[%clk 1:12:31]} Qxe4 {[%clk 1:26:52]} 13. c3 {[%clk 1:12:49]} Qc6
{[%clk 1:23:12]} 14. g4 {[%clk 1:09:28]} Bd7 {[%clk 1:17:39]} 15. f5
{[%clk 1:08:04]} gxf5 {[%clk 1:13:12]} 16. gxf5 {[%clk 1:05:48]} Kh8
{[%clk 1:13:36]} 17. f6 {[%clk 1:05:13]} Bxf6 {[%clk 1:11:42]} 18. Rxf6
{[%clk 1:05:29]} Rg8+ {[%clk 1:11:21]} 19. Kf2 {[%clk 1:05:51]} Qg2+
{[%clk 1:11:15]} 20. Ke1 {[%clk 1:06:14]} exf6 {[%clk 1:11:43]} 21. Qd4
{[%clk 1:06:27]} Rae8 {[%clk 1:11:24]} 22. Qxf6+ {[%clk 1:05:23]} Rg7
{[%clk 1:10:58]} 23. Kd2 {[%clk 1:05:37]} Bg4 {[%clk 1:09:35]} 24. Re1
{[%clk 1:05:56]} Qxh2 {[%clk 0:58:42]} 25. Bd4 {[%clk 1:01:28]} Rxe2+
{[%clk 0:58:54]} 26. Kd3 {[%clk 1:01:52]} Qg3+ {[%clk 0:57:35]} 27. Kc4
{[%clk 1:01:48]} Be6+ {[%clk 0:57:56]} 28. Kb4 {[%clk 1:01:35]} Rxb2+
{[%clk 0:54:38]} 29. Ka3 {[%clk 1:01:56]} Rxa2+ {[%clk 0:55:00]} 30. Kb4
{[%clk 1:02:23]} Rb2+ {[%clk 0:48:44]} 31. Ka4 {[%clk 0:58:59]} b5+
{[%clk 0:47:17]} 32. Ka5 {[%clk 0:58:26]} Ra2+ {[%clk 0:47:41]} 33. Kxb5
{[%clk 0:58:41]} Qd3+ {[%clk 0:48:05]} 34. Kc6 {[%clk 0:58:55]} Qc4+
{[%clk 0:48:30]} 0-1

[Event "World Chess Olympiad 2018"]
[Site "Batumi"]
[Date "2018.09.24"]
[Round "1"]
[Board "1"]
[WhiteFideId "2800020"]
[White "Gruenfeld Yehuda"]
[BlackFideId "13601520"]
[Black "Jobava Baadur"]
[Result "1/2-1/2"]
[LiveChessVersion "1.4.8"]
[BlackElo "2634"]
[WhiteElo "2418"]

1. e4 {[%clk 1:30:57]} d6 {[%clk 1:30:56]} 2. d4 {[%clk 1:31:22]} Nf6
{[%clk 1:31:17]} 3. Nc3 {[%clk 1:31:44]} e5 {[%clk 1:31:42]} 4. Nf3
{[%clk 1:30:24]} Nbd7 {[%clk 1:32:00]} 5. Bc4 {[%clk 1:29:51]} Be7
{[%clk 1:32:23]} 6. O-O {[%clk 1:29:42]} O-O {[%clk 1:32:39]} 7. a4
{[%clk 1:26:06]} a5 {[%clk 1:33:02]} 8. h3 {[%clk 1:25:58]} b6 {[%clk 1:33:14]}
9. Re1 {[%clk 1:21:38]} Bb7 {[%clk 1:33:37]} 10. b3 {[%clk 1:19:29]} h6
{[%clk 1:26:34]} 11. Bb2 {[%clk 1:18:47]} Re8 {[%clk 1:25:21]} 12. Qd2
{[%clk 1:14:16]} Bf8 {[%clk 1:24:56]} 13. Rad1 {[%clk 1:00:14]} exd4
{[%clk 1:16:04]} 14. Qxd4 {[%clk 1:00:12]} g6 {[%clk 1:11:36]} 15. Nd5
{[%clk 0:55:06]} Bg7 {[%clk 1:09:20]} 16. Ba1 {[%clk 0:54:40]} Rc8
{[%clk 1:02:18]} 17. Nxf6+ {[%clk 0:41:45]} Bxf6 {[%clk 0:54:47]} 18. Qd2
{[%clk 0:41:58]} Bxa1 {[%clk 0:44:42]} 19. Rxa1 {[%clk 0:35:16]} Kg7
{[%clk 0:38:45]} 20. Bd5 {[%clk 0:30:46]} c6 {[%clk 0:31:22]} 21. Bc4
{[%clk 0:31:12]} Nc5 {[%clk 0:30:23]} 22. Rad1 {[%clk 0:26:44]} Rxe4
{[%clk 0:26:43]} 23. Rxe4 {[%clk 0:25:43]} Nxe4 {[%clk 0:27:07]} 24. Qd4+
{[%clk 0:26:07]} Nf6 {[%clk 0:27:33]} 25. Qxd6 {[%clk 0:25:30]} Qxd6
{[%clk 0:27:58]} 26. Rxd6 {[%clk 0:25:52]} Rc7 {[%clk 0:17:26]} 27. Ne5
{[%clk 0:23:28]} g5 {[%clk 0:15:40]} 28. Ng4 {[%clk 0:18:11]} Ne4
{[%clk 0:11:43]} 29. Rd8 {[%clk 0:15:38]} Bc8 {[%clk 0:08:37]} 30. Ne3
{[%clk 0:14:33]} h5 {[%clk 0:07:49]} 31. Be2 {[%clk 0:12:15]} h4 {[%clk 0:07:05]}
32. Nc4 {[%clk 0:12:10]} Nc3 {[%clk 0:06:37]} 33. Bd3 {[%clk 0:08:36]} b5
{[%clk 0:04:29]} 34. Nd6 {[%clk 0:08:14]} Bd7 {[%clk 0:04:48]} 35. Bf5
{[%clk 0:07:59]} bxa4 {[%clk 0:05:12]} 36. bxa4 {[%clk 0:08:16]} Kf6
{[%clk 0:05:26]} 37. Rxd7 {[%clk 0:07:12]} Rxd7 {[%clk 0:05:52]} 38. Bxd7
{[%clk 0:07:33]} Ke7 {[%clk 0:06:20]} 39. Ne4 {[%clk 0:03:15]} Nxe4
{[%clk 0:06:33]} 40. Bxc6 {[%clk 0:33:29]} Nc3 {[%clk 0:36:31]} 41. g3
{[%clk 0:33:47]} Kd6 {[%clk 0:27:44]} 42. Be8 {[%clk 0:34:11]} Ke7
{[%clk 0:28:11]} 43. Bc6 {[%clk 0:34:35]} Kd6 {[%clk 0:13:50]} 1/2-1/2

[Event "World Chess Olympiad 2018"]
[Site "Batumi"]
[Date "2018.09.24"]
[Round "1"]
[Board "2"]
[WhiteFideId "13600966"]
[White "Mchedlishvili Mikheil"]
[BlackFideId "24149942"]
[Black "Varezhkin Viktor"]
[Result "1-0"]
[LiveChessVersion "1.4.8"]
[BlackElo "2261"]
[WhiteElo "2607"]

1. d4 {[%clk 1:30:52]} d5 {[%clk 1:30:52]} 2. c4 {[%clk 1:31:01]} c6
{[%clk 1:31:18]} 3. Nf3 {[%clk 1:31:02]} Nf6 {[%clk 1:31:30]} 4. e3
{[%clk 1:30:06]} g6 {[%clk 1:31:51]} 5. Nc3 {[%clk 1:30:03]} Bg7 {[%clk 1:32:08]}
6. Be2 {[%clk 1:29:58]} O-O {[%clk 1:32:21]} 7. O-O {[%clk 1:30:06]} Bf5
{[%clk 1:29:59]} 8. cxd5 {[%clk 1:24:27]} Nxd5 {[%clk 1:28:07]} 9. Qb3
{[%clk 1:23:47]} Nxc3 {[%clk 1:22:56]} 10. bxc3 {[%clk 1:23:05]} Qc7
{[%clk 1:18:39]} 11. Ba3 {[%clk 1:21:22]} Bf6 {[%clk 1:09:46]} 12. Nd2
{[%clk 1:17:22]} Rd8 {[%clk 0:46:38]} 13. Rad1 {[%clk 1:11:51]} e5
{[%clk 0:44:52]} 14. Nc4 {[%clk 1:05:02]} exd4 {[%clk 0:41:51]} 15. cxd4
{[%clk 1:05:25]} Be6 {[%clk 0:39:51]} 16. Qc2 {[%clk 1:04:39]} Na6
{[%clk 0:38:07]} 17. Bf3 {[%clk 0:48:08]} Rac8 {[%clk 0:37:08]} 18. h3
{[%clk 0:40:15]} b5 {[%clk 0:34:36]} 19. Ne5 {[%clk 0:40:07]} Bxe5
{[%clk 0:26:49]} 20. dxe5 {[%clk 0:40:30]} c5 {[%clk 0:27:13]} 21. Rd6
{[%clk 0:37:50]} Nb4 {[%clk 0:24:56]} 22. Qd2 {[%clk 0:36:58]} a5
{[%clk 0:21:28]} 23. Bg4 {[%clk 0:30:17]} f5 {[%clk 0:19:53]} 24. Be2
{[%clk 0:27:43]} Rxd6 {[%clk 0:13:43]} 25. exd6 {[%clk 0:28:10]} Qd7
{[%clk 0:12:51]} 26. Bb2 {[%clk 0:24:54]} Nxa2 {[%clk 0:10:30]} 27. Qxa5
{[%clk 0:24:44]} Qxd6 {[%clk 0:08:57]} 28. Rd1 {[%clk 0:15:01]} Qc7
{[%clk 0:08:47]} 29. Qxb5 {[%clk 0:14:42]} Rb8 {[%clk 0:04:58]} 30. Qa4
{[%clk 0:14:44]} Kf7 {[%clk 0:03:16]} 31. Qh4 {[%clk 0:14:37]} Ke8
{[%clk 0:03:05]} 32. Qf6 {[%clk 0:14:42]} Qf7 {[%clk 0:02:35]} 33. Bb5+
{[%clk 0:15:04]} 1-0

[Event "World Chess Olympiad 2018"]
[Site "Batumi"]
[Date "2018.09.24"]
[Round "1"]
[Board "3"]
[WhiteFideId "410551"]
[White "Martin Lewis"]
[BlackFideId "13602071"]
[Black "Pantsulaia Levan"]
[Result "0-1"]
[LiveChessVersion "1.4.8"]
[BlackElo "2589"]
[WhiteElo "2128"]

1. e4 {[%clk 1:30:56]} c5 {[%clk 1:30:43]} 2. Nf3 {[%clk 1:31:21]} e6
{[%clk 1:30:35]} 3. d4 {[%clk 1:31:44]} cxd4 {[%clk 1:31:00]} 4. Nxd4
{[%clk 1:32:09]} a6 {[%clk 1:31:26]} 5. Nc3 {[%clk 1:31:28]} b5 {[%clk 1:31:44]}
6. a3 {[%clk 1:28:37]} Bb7 {[%clk 1:31:55]} 7. g3 {[%clk 1:27:52]} Nf6
{[%clk 1:25:12]} 8. Bg2 {[%clk 1:28:07]} d6 {[%clk 1:25:15]} 9. O-O
{[%clk 1:27:25]} Nbd7 {[%clk 1:25:23]} 10. Re1 {[%clk 1:22:03]} Qc7
{[%clk 1:16:14]} 11. f4 {[%clk 1:15:43]} h5 {[%clk 1:03:52]} 12. h3
{[%clk 1:11:55]} O-O-O {[%clk 0:43:08]} 13. Be3 {[%clk 1:05:24]} Nc5
{[%clk 0:42:48]} 14. Bf2 {[%clk 0:55:51]} h4 {[%clk 0:38:35]} 15. b4
{[%clk 0:49:13]} Nh5 {[%clk 0:35:20]} 16. gxh4 {[%clk 0:43:41]} Nxf4
{[%clk 0:34:29]} 17. Bf1 {[%clk 0:43:57]} Rh6 {[%clk 0:24:11]} 18. Qf3
{[%clk 0:31:45]} Rg6+ {[%clk 0:22:57]} 19. Kh2 {[%clk 0:30:34]} Rf6
{[%clk 0:20:38]} 20. a4 {[%clk 0:23:44]} Nfd3 {[%clk 0:12:16]} 21. Qxf6
{[%clk 0:21:18]} gxf6 {[%clk 0:12:41]} 22. cxd3 {[%clk 0:21:34]} d5+
{[%clk 0:06:37]} 23. Bg3 {[%clk 0:15:18]} Bd6 {[%clk 0:06:32]} 24. Bxd6
{[%clk 0:15:40]} Qxd6+ {[%clk 0:05:45]} 25. e5 {[%clk 0:16:02]} fxe5
{[%clk 0:05:37]} 26. bxc5 {[%clk 0:16:26]} Qxc5 {[%clk 0:02:49]} 27. Nf3
{[%clk 0:10:48]} Qf2+ {[%clk 0:02:07]} 28. Bg2 {[%clk 0:11:08]} Rg8
{[%clk 0:02:32]} 29. Rg1 {[%clk 0:08:51]} b4 {[%clk 0:02:52]} 30. Nd1
{[%clk 0:07:29]} Qg3+ {[%clk 0:03:17]} 31. Kh1 {[%clk 0:07:51]} d4
{[%clk 0:03:30]} 32. Ng5 {[%clk 0:07:43]} Bxg2+ {[%clk 0:03:36]} 33. Rxg2
{[%clk 0:08:09]} Qxh4 {[%clk 0:03:54]} 34. Rc1+ {[%clk 0:06:44]} Kb8
{[%clk 0:04:05]} 35. Rg4 {[%clk 0:04:33]} Qe1+ {[%clk 0:03:36]} 36. Rg1
{[%clk 0:04:49]} Qd2 {[%clk 0:03:54]} 0-1

[Event "World Chess Olympiad 2018"]
[Site "Batumi"]
[Date "2018.09.24"]
[Round "1"]
[Board "4"]
[WhiteFideId "13602543"]
[White "Jojua Davit"]
[BlackFideId "12805165"]
[Black "Jankunas Tomas"]
[Result "1-0"]
[LiveChessVersion "1.4.8"]
[BlackElo "2093"]
[WhiteElo "2590"]

1. d4 {[%clk 1:30:56]} Nf6 {[%clk 1:30:21]} 2. c4 {[%clk 1:31:21]} g6
{[%clk 1:30:04]} 3. g3 {[%clk 1:31:36]} Bg7 {[%clk 1:30:19]} 4. Bg2
{[%clk 1:32:01]} d6 {[%clk 1:30:05]} 5. Nc3 {[%clk 1:32:13]} O-O {[%clk 1:28:44]}
6. Nf3 {[%clk 1:32:32]} Nbd7 {[%clk 1:28:56]} 7. O-O {[%clk 1:32:54]} e5
{[%clk 1:27:58]} 8. e4 {[%clk 1:33:10]} c6 {[%clk 1:27:26]} 9. h3
{[%clk 1:33:31]} Qb6 {[%clk 1:25:09]} 10. Re1 {[%clk 1:33:27]} Re8
{[%clk 1:22:58]} 11. d5 {[%clk 1:31:35]} cxd5 {[%clk 1:21:24]} 12. cxd5
{[%clk 1:31:53]} Nc5 {[%clk 1:21:39]} 13. Rb1 {[%clk 1:28:15]} a5
{[%clk 1:14:23]} 14. Be3 {[%clk 1:26:21]} Bd7 {[%clk 1:13:25]} 15. Nd2
{[%clk 1:24:58]} Rec8 {[%clk 1:10:56]} 16. Bf1 {[%clk 1:09:55]} Qd8
{[%clk 0:49:50]} 17. Kh2 {[%clk 0:42:52]} a4 {[%clk 0:25:57]} 18. Qf3
{[%clk 0:33:01]} Ne8 {[%clk 0:16:18]} 19. Rbc1 {[%clk 0:19:35]} b6
{[%clk 0:15:13]} 20. b4 {[%clk 0:16:55]} axb3 {[%clk 0:11:03]} 21. axb3
{[%clk 0:17:22]} Rcb8 {[%clk 0:09:05]} 22. b4 {[%clk 0:12:49]} Na6
{[%clk 0:08:07]} 23. Rb1 {[%clk 0:10:42]} b5 {[%clk 0:03:25]} 24. Bd3
{[%clk 0:06:56]} Nac7 {[%clk 0:02:44]} 25. Nb3 {[%clk 0:05:18]} Ra3
{[%clk 0:02:36]} 26. Bc1 {[%clk 0:04:31]} Ra6 {[%clk 0:02:35]} 27. Na5
{[%clk 0:04:07]} Qe7 {[%clk 0:01:33]} 28. Bd2 {[%clk 0:01:55]} Qf8
{[%clk 0:01:56]} 29. Qe2 {[%clk 0:01:36]} f5 {[%clk 0:01:55]} 30. Nc6
{[%clk 0:01:11]} Bxc6 {[%clk 0:01:15]} 31. dxc6 {[%clk 0:01:39]} Rxc6
{[%clk 0:01:06]} 32. Nxb5 {[%clk 0:01:05]} fxe4 {[%clk 0:01:18]} 33. Bxe4
{[%clk 0:01:24]} d5 {[%clk 0:01:26]} 34. Nxc7 {[%clk 0:01:02]} Nxc7
{[%clk 0:01:47]} 35. Bg2 {[%clk 0:01:10]} e4 {[%clk 0:01:07]} 36. b5
{[%clk 0:00:49]} Rc2 {[%clk 0:01:15]} 37. Qd1 {[%clk 0:00:45]} Ra2
{[%clk 0:00:52]} 38. Bf4 {[%clk 0:01:11]} Rxb5 {[%clk 0:00:40]} 39. Rxb5
{[%clk 0:01:08]} Nxb5 {[%clk 0:00:49]} 40. Qxd5+ {[%clk 0:31:33]} Qf7
{[%clk 0:30:50]} 41. Qxb5 {[%clk 0:31:38]} 1-0

[Event "World Chess Olympiad 2018"]
[Site "Batumi"]
[Date "2018.09.24"]
[Round "1"]
[Board "1"]
[WhiteFideId "309095"]
[White "Navara David"]
[BlackFideId "7700768"]
[Black "Johnson Joshua"]
[Result "1-0"]
[LiveChessVersion "1.4.8"]
[BlackElo "2261"]
[WhiteElo "2740"]

1. e4 {[%clk 1:30:58]} c5 {[%clk 1:30:48]} 2. Nf3 {[%clk 1:31:24]} d6
{[%clk 1:31:15]} 3. d4 {[%clk 1:31:49]} cxd4 {[%clk 1:31:42]} 4. Qxd4
{[%clk 1:32:11]} a6 {[%clk 1:30:33]} 5. h3 {[%clk 1:31:04]} Nc6 {[%clk 1:29:39]}
6. Qe3 {[%clk 1:31:28]} g6 {[%clk 1:28:42]} 7. Be2 {[%clk 1:31:24]} Bg7
{[%clk 1:26:20]} 8. O-O {[%clk 1:31:39]} Nf6 {[%clk 1:24:58]} 9. c4
{[%clk 1:31:32]} O-O {[%clk 1:22:24]} 10. Nc3 {[%clk 1:31:05]} Ne8
{[%clk 1:04:35]} 11. b3 {[%clk 1:20:04]} e5 {[%clk 0:53:00]} 12. Rd1
{[%clk 1:17:22]} Nd4 {[%clk 0:48:18]} 13. Nxd4 {[%clk 1:17:35]} exd4
{[%clk 0:48:42]} 14. Rxd4 {[%clk 1:17:58]} Bxd4 {[%clk 0:45:26]} 15. Qxd4
{[%clk 1:18:22]} Nc7 {[%clk 0:41:25]} 16. Bb2 {[%clk 1:01:50]} Ne6
{[%clk 0:36:50]} 17. Qd2 {[%clk 1:02:12]} f6 {[%clk 0:30:37]} 18. Nd5
{[%clk 1:01:29]} Nc7 {[%clk 0:26:31]} 19. Nb6 {[%clk 0:58:39]} Rb8
{[%clk 0:26:43]} 20. Rd1 {[%clk 0:55:23]} Be6 {[%clk 0:22:09]} 21. Qf4
{[%clk 0:51:27]} Ne8 {[%clk 0:21:01]} 22. c5 {[%clk 0:50:02]} Qc7
{[%clk 0:16:26]} 23. Bg4 {[%clk 0:43:04]} Bxg4 {[%clk 0:12:09]} 24. hxg4
{[%clk 0:39:13]} Rf7 {[%clk 0:06:09]} 25. Nd5 {[%clk 0:33:48]} Qxc5
{[%clk 0:04:47]} 26. Qd2 {[%clk 0:30:07]} Rd8 {[%clk 0:00:58]} 27. Rc1
{[%clk 0:27:18]} Qa7 {[%clk 0:01:24]} 28. Bd4 {[%clk 0:21:47]} Qb8
{[%clk 0:01:48]} 29. Rc3 {[%clk 0:22:10]} Rdd7 {[%clk 0:00:33]} 30. Qc1
{[%clk 0:22:12]} Nc7 {[%clk 0:00:33]} 31. Nxf6+ {[%clk 0:20:21]} Rxf6
{[%clk 0:00:55]} 32. Bxf6 {[%clk 0:20:47]} Rf7 {[%clk 0:01:07]} 33. e5
{[%clk 0:20:59]} d5 {[%clk 0:01:02]} 34. e6 {[%clk 0:21:04]} Rxf6
{[%clk 0:01:26]} 35. Rxc7 {[%clk 0:21:30]} Rf8 {[%clk 0:01:49]} 36. Qc5
{[%clk 0:21:32]} Re8 {[%clk 0:01:58]} 37. Qd6 {[%clk 0:21:35]} d4
{[%clk 0:01:32]} 38. Qd7 {[%clk 0:21:51]} 1-0

[Event "World Chess Olympiad 2018"]
[Site "Batumi"]
[Date "2018.09.24"]
[Round "1"]
[Board "2"]
[WhiteFideId "7700512"]
[White "Cupid Kevin"]
[BlackFideId "300071"]
[Black "Hracek Zbynek"]
[Result "0-1"]
[LiveChessVersion "1.4.8"]
[BlackElo "2557"]
[WhiteElo "2124"]

1. d4 {[%clk 1:30:56]} Nf6 {[%clk 1:30:54]} 2. Nf3 {[%clk 1:31:25]} b6
{[%clk 1:31:13]} 3. c4 {[%clk 1:29:50]} e6 {[%clk 1:31:30]} 4. b3
{[%clk 1:27:40]} Bb4+ {[%clk 1:30:04]} 5. Nbd2 {[%clk 1:26:01]} c5
{[%clk 1:26:13]} 6. Qc2 {[%clk 1:11:53]} cxd4 {[%clk 1:21:01]} 7. a3
{[%clk 1:10:28]} Be7 {[%clk 1:14:15]} 8. Nxd4 {[%clk 1:08:34]} Bb7
{[%clk 1:14:32]} 9. e3 {[%clk 1:05:28]} O-O {[%clk 1:11:52]} 10. Bb2
{[%clk 1:05:24]} d5 {[%clk 1:00:49]} 11. Bd3 {[%clk 0:53:38]} Nbd7
{[%clk 0:53:24]} 12. cxd5 {[%clk 0:51:28]} Bxd5 {[%clk 0:53:39]} 13. O-O
{[%clk 0:42:07]} Nc5 {[%clk 0:49:14]} 14. Be2 {[%clk 0:41:27]} Rc8
{[%clk 0:49:16]} 15. Qd1 {[%clk 0:40:50]} Nfe4 {[%clk 0:41:23]} 16. Nxe4
{[%clk 0:30:35]} Nxe4 {[%clk 0:41:50]} 17. Rc1 {[%clk 0:30:18]} Rxc1
{[%clk 0:35:48]} 18. Qxc1 {[%clk 0:30:27]} Qa8 {[%clk 0:36:10]} 19. f3
{[%clk 0:26:22]} Rc8 {[%clk 0:35:17]} 20. Qe1 {[%clk 0:16:45]} Nc5
{[%clk 0:31:41]} 21. b4 {[%clk 0:11:42]} Na4 {[%clk 0:29:17]} 22. Bc1
{[%clk 0:07:40]} Bf6 {[%clk 0:27:37]} 23. Ba6 {[%clk 0:06:20]} Bb7
{[%clk 0:26:11]} 24. Bxb7 {[%clk 0:04:00]} Qxb7 {[%clk 0:26:39]} 25. Qd1
{[%clk 0:03:05]} Nc3 {[%clk 0:23:42]} 26. Qd3 {[%clk 0:03:33]} Qd7
{[%clk 0:12:33]} 27. Bb2 {[%clk 0:02:07]} Bxd4 {[%clk 0:12:13]} 28. exd4
{[%clk 0:02:26]} Na4 {[%clk 0:10:07]} 29. Ba1 {[%clk 0:02:07]} b5
{[%clk 0:09:18]} 30. d5 {[%clk 0:01:11]} Qxd5 {[%clk 0:09:24]} 31. Qxd5
{[%clk 0:01:35]} exd5 {[%clk 0:09:52]} 32. Rd1 {[%clk 0:01:54]} f6
{[%clk 0:09:43]} 33. Kf2 {[%clk 0:01:01]} Rc2+ {[%clk 0:09:33]} 34. Kg3
{[%clk 0:01:29]} Ra2 {[%clk 0:09:49]} 35. Bd4 {[%clk 0:01:22]} Rxa3
{[%clk 0:09:56]} 36. Re1 {[%clk 0:00:53]} Rb3 {[%clk 0:07:13]} 37. Bxa7
{[%clk 0:00:48]} Rxb4 {[%clk 0:07:40]} 38. Re7 {[%clk 0:00:33]} Rc4
{[%clk 0:07:10]} 39. Rd7 {[%clk 0:00:49]} Nc3 {[%clk 0:07:24]} 40. h4
{[%clk 0:30:41]} h5 {[%clk 0:37:24]} 41. Rb7 {[%clk 0:28:38]} b4 {[%clk 0:36:15]}
42. Be3 {[%clk 0:27:27]} Ne2+ {[%clk 0:29:04]} 43. Kf2 {[%clk 0:27:03]} Rc2
{[%clk 0:29:11]} 44. Rxb4 {[%clk 0:24:35]} d4 {[%clk 0:29:26]} 0-1